<?xml version="1.0" encoding="UTF-8"?>
<collection xmlns="http://www.loc.gov/MARC21/slim">
 <record>
  <leader>00495pamaa2200145   4500</leader>
  <controlfield tag="001">0000017362</controlfield>
  <controlfield tag="005">20090213090000.0</controlfield>
  <datafield tag="020" ind1="0" ind2="0">
   <subfield code="a">0091745993 </subfield>
  </datafield>
  <datafield tag="082" ind1=" " ind2=" ">
   <subfield code="a">658.4 SCH</subfield>
  </datafield>
  <datafield tag="090" ind1="0" ind2="0">
   <subfield code="a">HD58.8 </subfield>
   <subfield code="b">SCH 1990</subfield>
  </datafield>
  <datafield tag="100" ind1="1" ind2="0">
   <subfield code="a">Schonberger </subfield>
  </datafield>
  <datafield tag="245" ind1="1" ind2="0">
   <subfield code="a">Building a chain of customers : </subfield>
   <subfield code="b">linking business functions to create the world class company  </subfield>
   <subfield code="c">Richard J. Schonberger.</subfield>
  </datafield>
  <datafield tag="260" ind1="0" ind2="0">
   <subfield code="a">New York: </subfield>
   <subfield code="b">Hutchinson Business Books, </subfield>
   <subfield code="c">1990.</subfield>
  </datafield>
  <datafield tag="300" ind1=" " ind2=" ">
   <subfield code="a">vii, 349p.: </subfield>
   <subfield code="b">25cm.</subfield>
  </datafield>
  <datafield tag="650" ind1="0" ind2="0">
   <subfield code="a">Companies performance -- </subfield>
   <subfield code="x">Management aspects </subfield>
  </datafield>
 </record>
</collection>
